000 01137na a2200361 4500
001 23663
003 MIRAKIL
005 20181213155258.0
008 171123b tu 000 0
035 _a20448
040 _aMilas
_btur
_cTR-AnCHP
041 _atur
082 _aCHP 324.2372026
_bC36k 2017
090 _aCHP 324.2372026 C36k 2017
110 _aCumhuriyet Halk Partisi (CHP)
222 _aKılavuzlar
245 _aCumhuriyet Halk Partisi kongreler kılavuzu
_cCumhuriyet Halk Partisi
246 _aCHP kongreler kılavuzu
246 _aKongreler kılavuzu
246 _aCHP kongre kılavuzu
260 _aAnkara
_bCHP
_c2017
300 _a73 s.
_c19 sm.
440 _aCumhuriyet Halk Partisi yayınları
_pKılavuzlar
610 _aCumhuriyet Halk Partisi (CHP)
_xKongreler
_yYönetmelikler
610 _aCumhuriyet Halk Partisi (CHP)
_xKongreler
_yKılavuzlar
657 _aCHP kılavuzları
657 _aCHP kongre yönetmelikleri
740 _aCHP kongreler kılavuzları
740 _aCHP kongreler yönetmeliği
830 _aCHP yönetmelikleri
942 _2ddc
_cBKS
999 _c9843
_d9843